| 000 | 00509nam a22001937a 4500 | ||
|---|---|---|---|
| 003 | LK-CoDNM | ||
| 005 | 20250130102447.0 | ||
| 008 | 250130b |||||||| |||| 00| 0 eng d | ||
| 040 |
_aLK-CoDNM _dLK-CoDNM _eLK-CoDNM |
||
| 041 | _aeng | ||
| 080 |
_a13 _bR9 |
||
| 100 | _aHarmer,S.F and Shilpey,E | ||
| 245 | _aThe cambridge natural history Volume IX | ||
| 260 |
_aLondon _bMacmillan and company _c1904 |
||
| 300 | _axvi, 635p. : ill , map ; 22 cm | ||
| 650 | _aAnimals | ||
| 650 | _aBirds | ||
| 942 | _cBK | ||
| 999 |
_c237671 _d237671 |
||